[Event "72nd RUS-ch Higher League 2019"]
[Site "Yaroslavl"]
[Date "2019.07.01"]
[Round "5.9"]
[White "Popov, Ivan"]
[Black "Zvjaginsev, Vadim"]
[Result "1/2-1/2"]
[WhiteElo "2599"]
[BlackElo "2644"]
[Annotator "ChessBase"]
[PlyCount "84"]
[EventDate "2019.06.27"]
[EventType "swiss"]
[EventCountry "RUS"]
[SourceTitle "playchess.com"]
[Source "ChessBase"]
[SourceQuality "1"]
[TimeControl "40/5400+30:1800+30"]

1. e4 {[%emt 0:00:00]} c5 {[%emt 0:00:00]} 2. Nf3 {[%emt 0:00:00]} Nc6 {[%emt 0:00:00]} 3. Bb5 {[%emt 0:00:05]} g6 {[%emt 0:00:00]} 4. Bxc6 {[%emt 0:00:32]} bxc6 {[%emt 0:00:09]} 5. O-O {[%emt 0:00:43]} Bg7 {[%emt 0:00:16]} 6. Re1 {[%emt 0:01:05]} Rb8 {[%emt 0:00:24]} 7. c3 {[%emt 0:09:43]} Nf6 {[%emt 0:00:57]} 8. e5 {[%emt 0:05:57]} Nd5 {[%emt 0:00:26]} 9. c4 {[%emt 0:00:14]} Nc7 {[%emt 0:02:33]} 10. d4 {[%emt 0:02:05]} cxd4 {[%emt 0:06:15]} 11. Qxd4 {[%emt 0:00:22]} Ne6 {[%emt 0:07:39]} 12. Qxa7 {[%emt 0:03:07]} Qb6 {[%emt 0:13:08]} 13. Qxb6 {[%emt 0:05:34]} Rxb6 {[%emt 0:00:29]} 14. b3 {[%emt 0:02:27]} O-O {[%emt 0:04:39]} 15. Nc3 {[%emt 0:02:50]} Ra6 {[%emt 0:04:43]} 16. Bb2 {[%emt 0:14:00]} Bb7 {[%emt 0:08:31]} 17. Rad1 {[%emt 0:04:40]} Rd8 {[%emt 0:00:24]} 18. Nd4 {[%emt 0:04:41]} Nf8 {[%emt 0:07:38]} 19. Na4 {[%emt 0:04:55]} Ra5 {[%emt 0:01:38]} 20. Nc2 {[%emt 0:10:06]} Rda8 {[%emt 0:08:08]} 21. Bc3 {[%emt 0:06:34]} Rxa4 {[%emt 0:00:08]} 22. bxa4 {[%emt 0:00:06]} Rxa4 {[%emt 0:00:09]} 23. Ne3 {[%emt 0:00:27]} Ba6 {[%emt 0:02:44]} 24. f4 {[%emt 0:07:46]} h5 {[%emt 0:02:18]} 25. g3 {[%emt 0:01:13]} Kh7 {[%emt 0:05:06]} 26. Rd2 {[%emt 0:00:59]} c5 {[%emt 0:01:21]} 27. Rd5 {[%emt 0:03:07]} Bxc4 {[%emt 0:02:06]} 28. Rxc5 {[%emt 0:00:31]} Bxa2 {[%emt 0:00:57]} 29. Ra5 {[%emt 0:00:19]} Rxa5 {[%emt 0:00:42]} 30. Bxa5 {[%emt 0:00:04]} f6 {[%emt 0:01:23]} 31. exf6 {[%emt 0:01:42]} Bxf6 {[%emt 0:00:18]} 32. Rd1 {[%emt 0:01:11]} Kg7 {[%emt 0:03:53]} 33. Nd5 {[%emt 0:02:44]} Kf7 {[%emt 0:02:38]} 34. Nxf6 {[%emt 0:00:54]} Kxf6 {[%emt 0:00:09]} 35. Bc3+ {[%emt 0:00:36]} Kf7 {[%emt 0:00:25]} 36. Kf2 {[%emt 0:02:29]} Be6 {[%emt 0:01:05]} 37. Ra1 {[%emt 0:01:34]} d6 {[%emt 0:00:51]} 38. Ra7 {[%emt 0:01:05]} Bh3 {[%emt 0:00:44]} 39. Ke3 {[%emt 0:01:04]} Nd7 {[%emt 0:01:00]} 40. Bb4 {[%emt 0:00:00]} Bf5 {[%emt 0:00:00]} 41. Kd4 {[%emt 0:01:44]} Bg4 {[%emt 0:03:36]} 42. Kd5 {[%emt 0:03:09]} Bf3+ {[%emt 0:00:07] Ke4} 1/2-1/2

[Event "72nd RUS-ch Higher League 2019"]
[Site "Yaroslavl"]
[Date "2019.07.01"]
[Round "5.10"]
[White "Frolyanov, Dmitry"]
[Black "Lysyj, Igor"]
[Result "1/2-1/2"]
[WhiteElo "2538"]
[BlackElo "2623"]
[Annotator "ChessBase"]
[PlyCount "80"]
[EventDate "2019.06.27"]
[EventType "swiss"]
[EventCountry "RUS"]
[SourceTitle "playchess.com"]
[Source "ChessBase"]
[SourceQuality "1"]
[TimeControl "40/5400+30:1800+30"]

1. e4 {[%emt 0:00:00]} e5 {[%emt 0:00:00]} 2. Nf3 {[%emt 0:00:00]} Nc6 {[%emt 0:00:00]} 3. Bb5 {[%emt 0:00:00]} a6 {[%emt 0:00:00]} 4. Ba4 {[%emt 0:00:00]} Nf6 {[%emt 0:00:00]} 5. O-O {[%emt 0:00:09]} Bc5 {[%emt 0:00:00]} 6. c3 {[%emt 0:01:27]} O-O {[%emt 0:00:27]} 7. d4 {[%emt 0:01:19]} Ba7 {[%emt 0:00:30]} 8. dxe5 {[%emt 0:09:32]} Nxe4 {[%emt 0:00:29]} 9. Bc2 {[%emt 0:07:00]} d5 {[%emt 0:00:39]} 10. exd6 {[%emt 0:01:25]} Nxd6 {[%emt 0:00:30]} 11. Bg5 {[%emt 0:00:59]} f6 {[%emt 0:00:23]} 12. Bf4 {[%emt 0:01:15]} g5 {[%emt 0:00:19]} 13. Bg3 {[%emt 0:16:23]} f5 {[%emt 0:06:15]} 14. Qd3 {[%emt 0:12:08]} Qf6 {[%emt 0:11:37]} 15. Nbd2 {[%emt 0:15:15]} g4 {[%emt 0:10:38]} 16. Ne1 {[%emt 0:04:13]} Rd8 {[%emt 0:06:57]} 17. Bf4 {[%emt 0:02:16]} Ne5 {[%emt 0:03:51]} 18. Qg3 {[%emt 0:02:14]} Ng6 {[%emt 0:01:17]} 19. Bb3+ {[%emt 0:03:38]} Kg7 {[%emt 0:13:53]} 20. Nd3 {[%emt 0:03:08]} Ne4 {[%emt 0:04:02]} 21. Nxe4 {[%emt 0:00:11]} fxe4 {[%emt 0:00:04]} 22. Be5 {[%emt 0:00:21]} Nxe5 {[%emt 0:00:08]} 23. Nxe5 {[%emt 0:00:05]} h5 {[%emt 0:00:05]} 24. h4 {[%emt 0:03:41]} c6 {[%emt 0:22:42]} 25. Rae1 {[%emt 0:00:23]} Bf5 {[%emt 0:02:23]} 26. Nf7 {[%emt 0:02:44]} Rd3 {[%emt 0:01:34]} 27. Qf4 {[%emt 0:03:25]} g3 {[%emt 0:01:34]} 28. Ne5 {[%emt 0:00:42]} gxf2+ {[%emt 0:02:37]} 29. Rxf2 {[%emt 0:00:05]} Bxf2+ {[%emt 0:06:06]} 30. Kxf2 {[%emt 0:00:06]} Rdd8 {[%emt 0:02:32]} 31. Kg1 {[%emt 0:00:37]} Re8 {[%emt 0:00:18]} 32. Qg3+ {[%emt 0:00:55]} Bg6 {[%emt 0:01:29]} 33. Rf1 {[%emt 0:04:24]} Rxe5 {[%emt 0:00:07]} 34. Rxf6 {[%emt 0:00:05]} Kxf6 {[%emt 0:00:04]} 35. Qf4+ {[%emt 0:00:03]} Rf5 {[%emt 0:00:21]} 36. Qd6+ {[%emt 0:00:06]} Kg7 {[%emt 0:00:08]} 37. Qd7+ {[%emt 0:00:13]} Kh6 {[%emt 0:00:39]} 38. Qd2+ {[%emt 0:00:09]} Kg7 {[%emt 0:00:55]} 39. Qd7+ {[%emt 0:00:09]} Kh6 {[%emt 0:00:22]} 40. Qd2+ {[%emt 0:00:00]} Kg7 {[%emt 0:00:00]} 1/2-1/2

[Event "72nd RUS-ch Higher League 2019"]
[Site "Yaroslavl"]
[Date "2019.07.01"]
[Round "5.11"]
[White "Grachev, Boris"]
[Black "Belozerov, Andrei"]
[Result "1/2-1/2"]
[WhiteElo "2621"]
[BlackElo "2533"]
[Annotator "ChessBase"]
[PlyCount "81"]
[EventDate "2019.06.27"]
[EventType "swiss"]
[EventCountry "RUS"]
[SourceTitle "playchess.com"]
[Source "ChessBase"]
[SourceQuality "1"]
[TimeControl "40/5400+30:1800+30"]

1. Nf3 {[%emt 0:00:00]} Nf6 {[%emt 0:00:00]} 2. c4 {[%emt 0:00:06]} g6 {[%emt 0:00:00]} 3. Nc3 {[%emt 0:01:40]} Bg7 {[%emt 0:00:10]} 4. g3 {[%emt 0:00:06]} O-O {[%emt 0:00:26]} 5. Bg2 {[%emt 0:00:08]} d6 {[%emt 0:00:54]} 6. O-O {[%emt 0:01:20]} e5 {[%emt 0:00:17]} 7. d4 {[%emt 0:00:28]} Nbd7 {[%emt 0:02:53]} 8. Qc2 {[%emt 0:00:44]} c6 {[%emt 0:03:20]} 9. Rd1 {[%emt 0:00:47]} Qe7 {[%emt 0:06:19]} 10. e4 {[%emt 0:07:52]} exd4 {[%emt 0:02:41]} 11. Nxd4 {[%emt 0:00:06]} Re8 {[%emt 0:00:18]} 12. Bf4 {[%emt 0:33:11]} Ne5 {[%emt 0:05:46]} 13. b3 {[%emt 0:01:20]} a6 {[%emt 0:01:07]} 14. h3 {[%emt 0:01:58]} Rb8 {[%emt 0:07:17]} 15. Qd2 {[%emt 0:11:01]} c5 {[%emt 0:11:49]} 16. Nde2 {[%emt 0:01:31]} b5 {[%emt 0:00:10]} 17. cxb5 {[%emt 0:02:22]} axb5 {[%emt 0:04:34]} 18. Qxd6 {[%emt 0:06:13]} Qxd6 {[%emt 0:03:34]} 19. Rxd6 {[%emt 0:00:07]} b4 {[%emt 0:02:15]} 20. Na4 {[%emt 0:00:33]} Nh5 {[%emt 0:00:27]} 21. Rad1 {[%emt 0:03:28]} c4 {[%emt 0:04:09]} 22. Be3 {[%emt 0:02:18]} Be6 {[%emt 0:05:21]} 23. Nd4 {[%emt 0:03:43]} Bf8 {[%emt 0:02:40]} 24. Ra6 {[%emt 0:00:16]} Rbd8 {[%emt 0:03:59]} 25. Rc1 {[%emt 0:03:29]} Nd3 {[%emt 0:02:52]} 26. Nxe6 {[%emt 0:05:17]} Rxe6 {[%emt 0:01:00]} 27. Rxe6 {[%emt 0:00:13]} Nxc1 {[%emt 0:00:32]} 28. Rc6 {[%emt 0:00:07]} cxb3 {[%emt 0:05:14]} 29. axb3 {[%emt 0:00:28]} Nxb3 {[%emt 0:00:12]} 30. Nb6 {[%emt 0:02:45]} Nd4 {[%emt 0:03:18]} 31. Bxd4 {[%emt 0:03:18]} Rxd4 {[%emt 0:00:16]} 32. Nd5 {[%emt 0:01:32]} b3 {[%emt 0:02:53]} 33. Rb6 {[%emt 0:00:39]} Rd1+ {[%emt 0:03:51]} 34. Kh2 {[%emt 0:01:03]} Bc5 {[%emt 0:01:52]} 35. Rxb3 {[%emt 0:02:57]} Bxf2 {[%emt 0:00:27]} 36. h4 {[%emt 0:00:08]} Bd4 {[%emt 0:01:14]} 37. Bf3 {[%emt 0:01:26]} Rd2+ {[%emt 0:00:18]} 38. Kh3 {[%emt 0:00:06]} Nf6 {[%emt 0:01:03]} 39. Nxf6+ {[%emt 0:00:57]} Bxf6 {[%emt 0:00:04]} 40. h5 {[%emt 0:00:00]} Kg7 {[%emt 0:00:00]} 41. hxg6 {[%emt 0:00:35]} 1/2-1/2

[Event "72nd RUS-ch Higher League 2019"]
[Site "Yaroslavl"]
[Date "2019.07.01"]
[Round "5.12"]
[White "Rakhmanov, Aleksandr"]
[Black "Bocharov, Ivan"]
[Result "1/2-1/2"]
[WhiteElo "2615"]
[BlackElo "2559"]
[Annotator "ChessBase"]
[PlyCount "66"]
[EventDate "2019.06.27"]
[EventType "swiss"]
[EventCountry "RUS"]
[SourceTitle "playchess.com"]
[Source "ChessBase"]
[SourceQuality "1"]
[TimeControl "40/5400+30:1800+30"]

1. Nf3 {[%emt 0:00:00]} d5 {[%emt 0:00:00]} 2. d4 {[%emt 0:00:00]} Nf6 {[%emt 0:00:00]} 3. c4 {[%emt 0:00:00]} c6 {[%emt 0:00:00]} 4. e3 {[%emt 0:01:11]} Bf5 {[%emt 0:00:23]} 5. Nc3 {[%emt 0:00:36]} a6 {[%emt 0:00:15]} 6. Ne5 {[%emt 0:00:51]} Nbd7 {[%emt 0:00:27]} 7. Qb3 {[%emt 0:00:19]} Qc7 {[%emt 0:00:33]} 8. cxd5 {[%emt 0:00:47]} Nxe5 {[%emt 0:00:38]} 9. dxe5 {[%emt 0:00:08]} Nxd5 {[%emt 0:00:02]} 10. Nxd5 {[%emt 0:00:10]} cxd5 {[%emt 0:00:02]} 11. Bd2 {[%emt 0:00:20]} e6 {[%emt 0:01:44]} 12. Rc1 {[%emt 0:03:17]} Qd7 {[%emt 0:00:50]} 13. Be2 {[%emt 0:00:53]} Be7 {[%emt 0:00:29]} 14. Ba5 {[%emt 0:00:21]} Rc8 {[%emt 0:00:49]} 15. Rxc8+ {[%emt 0:01:09]} Qxc8 {[%emt 0:00:08]} 16. Kd2 {[%emt 0:00:17]} d4 {[%emt 0:06:50]} 17. Rc1 {[%emt 0:19:38]} dxe3+ {[%emt 0:00:33]} 18. fxe3 {[%emt 0:03:26]} Qd7+ {[%emt 0:18:23]} 19. Ke1 {[%emt 0:03:04]} O-O {[%emt 0:00:16]} 20. Rc7 {[%emt 0:14:54]} Qe8 21. Bb4 {[%emt 0:00:11]} Bxb4+ {[%emt 0:02:11]} 22. Qxb4 {[%emt 0:00:30]} b5 {[%emt 0:02:48]} 23. Qd4 {[%emt 0:11:08]} Qb8 {[%emt 0:08:40]} 24. Rd7 b4 25. e4 {[%emt 0:09:44]} Bg6 {[%emt 0:00:40]} 26. h4 {[%emt 0:00:42]} Qc8 {[%emt 0:01:38]} 27. Bf3 {[%emt 0:01:36]} Qc1+ {[%emt 0:02:50]} 28. Kf2 {[%emt 0:00:13]} h5 {[%emt 0:01:39]} 29. Kg3 {[%emt 0:07:20]} Qe1+ {[%emt 0:01:14]} 30. Kh3 {[%emt 0:02:09]} Qh1+ {[%emt 0:00:02]} 31. Kg3 {[%emt 0:00:04]} Qe1+ {[%emt 0:00:05]} 32. Kh3 {[%emt 0:00:02]} Qh1+ {[%emt 0:00:05]} 33. Kg3 {[%emt 0:00:03]} Qe1+ {[%emt 0:00:04]} 1/2-1/2

[Event "72nd RUS-ch Higher League 2019"]
[Site "Yaroslavl"]
[Date "2019.07.01"]
[Round "5.13"]
[White "Alekseenko, Kirill"]
[Black "Lomasov, Semyon"]
[Result "1-0"]
[WhiteElo "2650"]
[BlackElo "2542"]
[Annotator "TA"]
[PlyCount "79"]
[EventDate "2019.06.27"]
[EventType "swiss"]
[EventCountry "RUS"]
[SourceTitle "playchess.com"]
[Source "ChessBase"]
[SourceQuality "1"]

{[%evp 13,79,26,33,34,35,41,25,14,14,8,10,8,9,0,14,-6,-17,-26,21,19,20,21,18,16,37,45,85,77,77,73,260,245,194,52,29,33,22,0,0,0,0,0,0,0,0,0,0,0,0,0,0,0,145,117,317,62,669,669,690,677,631,571,506,0,1163,1116,1010,931]} 1. e4 e5 2. Nf3 Nc6 3. Bc4 Nf6 4. d3 Be7 5. O-O O-O 6. Re1 d6 7. a4 Na5 8. Ba2 {C55: Two Knights: 4 d3, 4 d4 exd4 5 e5 and Max Lange Attack} c5 9. c3 (9. Bd2 Nc6 10. h3 Be6 11. Na3 Bxa2 12. Rxa2 d5 13. exd5 Qxd5 14. Ra1 Rfe8 15. Nb5 Bd8 {0-1 (76) Mamedov,R (2667)-Yu,Y (2784) Hengshui 2019}) 9... Nc6 10. Nbd2 $146 {White has an edge.} ({Predecessor:} 10. Na3 a6 11. Bd2 h6 12. h3 Re8 13. Nc4 {½-½ (39) Mikadze,M (2280)-Khotenashvili,B (2434) Tbilisi 2017}) 10... Be6 11. Nc4 h6 12. h3 Re8 13. Bd2 a6 14. Ne3 Bxa2 15. Rxa2 Bf8 16. Nh2 d5 17. Nhg4 Nxg4 18. Qxg4 dxe4 19. dxe4 Nb4 (19... Qxd2 $6 20. Rd1 $16) 20. cxb4 Qxd2 {[%mdl 64] Double Attack} 21. Rd1 Qxb4 $2 (21... h5 $16 22. Qf3 (22. Rxd2 hxg4 23. Nxg4 cxb4 $11) (22. Qxh5 Qxb4 23. Qg4 Re6 $14) 22... Qxb4) 22. Nd5 $18 Qb3 23. Ra3 (23. Nf6+ $1 $18 Kh8 24. Nxe8 Qxa2 25. Nc7) 23... Qxb2 $14 24. Rf3 {Strongly threatening Nf6+.} Qc2 25. Ne3 Qxa4 {aiming for ...Rad8.} 26. Rd7 Re7 27. Rxe7 Bxe7 {[#]} 28. Nf5 $1 {[%csl Gf5][%cal Rg4g7][%mdl 512]} Qd1+ {[#]} 29. Kh2 $1 {[%csl Gf5][%cal Rg4g7][%mdl 512]} Bf6 {Hoping for ...Qd8.} 30. Nxh6+ $1 $40 {[%mdl 128] White attacks.} Kf8 $1 {[#]} 31. Nxf7 $1 {[%mdl 512] And now Ng5 would win.} Ke7 $1 (31... Kxf7 32. Rxf6+) 32. Qg6 {Black must now prevent Rf5.} Rf8 (32... Qd7 $11 {keeps the balance.} 33. Rxf6 {[%mdl 64] Remove Defender} gxf6) 33. Ng5 $16 {[%mdl 1024] White has strong compensation.} Qd2 $2 (33... c4 $16 {is a better defense.}) 34. Rf5 $2 ({White has to play} 34. Nh7 $18) 34... Qd3 $2 {[%mdl 8192]} (34... c4 $14 35. f4 Kd7) 35. Nh7 $18 Rf7 {[#]} 36. g4 $1 Qb3 37. g5 Qe6 38. Qh5 $2 {[#]} ({Worse is} 38. Nxf6 gxf6 39. gxf6+ Rxf6 $11) (38. h4 $18) 38... Bxg5 $2 {[%mdl 8192]} (38... g6 $1 $11 {[%mdl 512]} 39. Qxg6 Bg7) 39. Qxg5+ Kd6 40. Qd2+ {Accuracy: White = 54%, Black = 42%.} 1-0

[Event "72nd RUS-ch Higher League 2019"]
[Site "Yaroslavl"]
[Date "2019.07.01"]
[Round "5.14"]
[White "Najer, Evgeniy"]
[Black "Salemgareev, Tagir"]
[Result "0-1"]
[WhiteElo "2678"]
[BlackElo "2412"]
[Annotator "TA"]
[PlyCount "136"]
[EventDate "2019.06.27"]
[EventType "swiss"]
[EventCountry "RUS"]
[SourceTitle "playchess.com"]
[Source "ChessBase"]
[SourceQuality "1"]

{[%evp 20,136,35,31,38,39,38,38,36,33,33,23,27,18,31,34,20,22,7,5,13,0,0,0,0,0,0,0,-9,-35,-49,-39,-52,-60,-68,-64,-16,-59,-19,-118,-115,-112,-106,-97,-50,-177,-185,-183,-179,-178,-87,-90,-100,-93,-82,-83,-88,-234,-198,-206,-199,-206,-183,-230,-231,-247,-247,-439,-442,-398,-363,-407,-379,-375,-377,-455,-364,-699,-288,-276,-111,-83,0,-261,-130,-342,-130,-130,-130,-189,-177,-353,-334,-353,-353,-353,-353,-353,-340,-349,-199,-346,-349,-348,-337,-323,-323,-341,-341,-350,-265,-248,0,-347,-331,-313,-316,-637,-617]} 1. e4 c5 2. Nf3 Nc6 3. d4 cxd4 4. Nxd4 e5 5. Nb5 d6 6. c4 Be7 7. N1c3 a6 8. Na3 f5 9. exf5 Bxf5 10. Bd3 Be6 11. Nc2 Nf6 {B32: Sicilian: Löwenthal and Kalashnikov Variations} 12. O-O O-O 13. Ne3 (13. b3 Qd7 14. Bb2 Bd8 15. Ne4 Bb6 16. Qe2 Rad8 17. Kh1 Nxe4 18. Bxe4 {½-½ (50) Yu,Y (2764)-Potapov,P (2516) St Petersburg 2018}) 13... Qd7 {White is slightly better.} 14. Ne4 Rae8 15. b3 Kh8 $146 ({Predecessor:} 15... h6 16. Nxf6+ Bxf6 17. Be4 b5 18. cxb5 axb5 19. Nd5 {1-0 (48) Jackson,J (2368)-Cox,J (2346) England 2016}) 16. Ng5 Bd8 17. Nxe6 Qxe6 18. Bf5 Qe7 19. Bh3 {Hoping for Nf5.} Nd4 20. g3 Bb6 21. Bg2 Bc5 22. Rb1 b5 23. b4 Ba7 24. a4 bxc4 25. Nxc4 d5 26. Ne3 Qe6 27. Bd2 Ne4 28. Rb2 Ng5 {Threatens to win with ...Nh3+.} 29. Qg4 (29. Kh1 $1 $11) 29... Ngf3+ $1 $17 30. Kh1 Qf7 $1 31. b5 Bc5 32. h4 (32. bxa6 $15 h5 33. Qh3) 32... axb5 $19 33. axb5 e4 34. Bc3 Ne5 (34... h5 $19 35. Qh3 Ne5) 35. Qd1 $17 Nd3 36. Bxd4 Bxd4 37. Rd2 Qa7 $36 {[%mdl 2048] Black is really pushing.} 38. Ng4 (38. Kh2 $17 {was necessary.}) 38... Bxf2 39. Rxd3 exd3 40. Qxd3 Bd4 41. Rd1 Bb6 42. Bxd5 Qa4 43. Nh6 $2 (43. Nh2) 43... Rd8 $19 ({Not} 43... gxh6 44. Qc3+ Bd4 45. Rxd4 $14) (43... Re3 44. Rf1 $19) 44. Qe2 {intending Rf1.} Qa7 45. Ng4 Qa3 46. Kg2 Qc5 47. Qd3 Qe7 ({Less strong is} 47... h5 48. Ne5 $19) 48. Rd2 $2 (48. h5) 48... Rd6 (48... h5 $142 49. Nh2 Qe1) 49. Qc2 Qe1 (49... Rg6 $19 50. Bf3 Bc7) 50. Rd1 $17 Qe7 $2 (50... Qe8 $17 {...h5 is the strong threat.} 51. Bg8 Qg6 $1 {[%mdl 512]} 52. Qxg6 Rxg6) 51. Rd2 $1 $19 Re8 (51... Rg6 $19 {and Black stays clearly on top.} 52. Bf3 Bc7) 52. Bc6 $2 {[#]} (52. Bf3 $17) 52... Rxd2+ $2 (52... Qe1 $1 $19 53. Rxd6 Re2+ 54. Qxe2 Qxe2+ 55. Kh3 h5) 53. Qxd2 $17 Rf8 54. h5 (54. Qd7 $17 Qe2+ 55. Kh3) 54... Qe6 55. Qd7 $2 (55. Bf3) 55... Qe1 {( -> ...Qf1+)} 56. Kh3 {[#]} Qf1+ $1 57. Bg2 {[#]} Qf5 $1 58. Qxf5 Rxf5 $19 {[%cal Rf5h5][%mdl 4096] Endgame KRB-KBN} 59. Bc6 Rxh5+ 60. Kg2 Rf5 61. Bd7 Rd5 62. Bc6 Rd2+ 63. Kf3 Rd3+ 64. Kf4 Rd4+ 65. Kf3 Rd3+ 66. Kf4 $1 Bc7+ 67. Ne5 g6 68. b6 $2 (68. Ke4 Rxg3 69. Nd7) 68... Rd4+ {Accuracy: White = 43%, Black = 61%.} 0-1

[Event "72nd RUS-ch Higher League 2019"]
[Site "Yaroslavl"]
[Date "2019.07.01"]
[Round "5.15"]
[White "Alekseev, Evgeny"]
[Black "Kardashevskiy, Evgeny"]
[Result "1-0"]
[WhiteElo "2645"]
[BlackElo "2429"]
[Annotator "ChessBase"]
[PlyCount "103"]
[EventDate "2019.06.27"]
[EventType "swiss"]
[EventCountry "RUS"]
[SourceTitle "playchess.com"]
[Source "ChessBase"]
[SourceQuality "1"]
[TimeControl "40/5400+30:1800+30"]

1. Nf3 {[%emt 0:03:21]} Nf6 {[%emt 0:00:00]} 2. g3 {[%emt 0:03:31]} e6 {[%emt 0:00:36]} 3. Bg2 {[%emt 0:00:39]} d5 {[%emt 0:02:01]} 4. O-O {[%emt 0:03:03]} c5 {[%emt 0:00:38]} 5. c4 {[%emt 0:02:12]} d4 {[%emt 0:00:54]} 6. e3 {[%emt 0:01:42]} Nc6 {[%emt 0:00:36]} 7. exd4 {[%emt 0:01:18]} cxd4 {[%emt 0:00:26]} 8. d3 {[%emt 0:00:04]} h6 {[%emt 0:00:32]} 9. Na3 {[%emt 0:01:38]} Bxa3 {[%emt 0:04:07]} 10. bxa3 {[%emt 0:00:15]} O-O {[%emt 0:00:17]} 11. Re1 {[%emt 0:11:20]} Re8 {[%emt 0:08:57]} 12. Bf4 {[%emt 0:16:58]} Nd7 {[%emt 0:13:20]} 13. Bd6 {[%emt 0:02:18]} Nb6 {[%emt 0:08:40]} 14. c5 {[%emt 0:02:08]} Nd5 {[%emt 0:01:55]} 15. Qa4 {[%emt 0:09:28]} Bd7 {[%emt 0:08:01]} 16. Nxd4 {[%emt 0:01:00]} Nxd4 {[%emt 0:00:52]} 17. Qxd4 {[%emt 0:00:03]} Bc6 {[%emt 0:01:15]} 18. Rab1 {[%emt 0:13:33]} b6 {[%emt 0:12:52]} 19. Rec1 {[%emt 0:07:05]} Qd7 {[%emt 0:03:15]} 20. Be5 {[%emt 0:05:06]} f6 {[%emt 0:07:15]} 21. Bd6 {[%emt 0:00:14]} Rac8 {[%emt 0:00:38]} 22. Qg4 {[%emt 0:03:18]} bxc5 {[%emt 0:09:18]} 23. Bxc5 {[%emt 0:00:04]} Ne7 {[%emt 0:03:41]} 24. Qd4 {[%emt 0:02:20]} Qxd4 {[%emt 0:01:12]} 25. Bxd4 {[%emt 0:00:01]} Bxg2 {[%emt 0:00:37]} 26. Kxg2 {[%emt 0:01:18]} a6 {[%emt 0:03:13]} 27. a4 {[%emt 0:04:51]} Rxc1 {[%emt 0:02:36]} 28. Rxc1 {[%emt 0:00:04]} Rd8 {[%emt 0:00:06]} 29. Bc5 {[%emt 0:00:44]} Rc8 {[%emt 0:00:29]} 30. d4 {[%emt 0:00:53]} Nc6 {[%emt 0:01:12]} 31. Rb1 {[%emt 0:00:33]} Rb8 {[%emt 0:00:53]} 32. Rb3 {[%emt 0:00:04]} Kf7 {[%emt 0:00:54]} 33. Kf3 {[%emt 0:00:06]} h5 {[%emt 0:01:23]} 34. h3 {[%emt 0:03:34]} g5 {[%emt 0:01:34]} 35. Ke4 {[%emt 0:00:29]} f5+ {[%emt 0:00:57]} 36. Kd3 {[%emt 0:00:18]} Ke8 {[%emt 0:00:58]} 37. Rxb8+ {[%emt 0:02:14]} Nxb8 {[%emt 0:00:04]} 38. d5 {[%emt 0:00:18]} Nd7 {[%emt 0:01:05]} 39. Be3 {[%emt 0:00:26]} Ne5+ {[%emt 0:00:29]} 40. Kc3 {[%emt 0:00:00]} Nf3 {[%emt 0:00:00]} 41. dxe6 {[%emt 0:04:51]} Ke7 {[%emt 0:08:51]} 42. Kb4 {[%emt 0:00:12]} Kxe6 {[%emt 0:00:16]} 43. Ka5 {[%emt 0:00:18]} Kd7 {[%emt 0:02:19]} 44. Kxa6 {[%emt 0:00:09]} Kc8 {[%emt 0:01:00]} 45. Ka7 {[%emt 0:04:51]} h4 {[%emt 0:05:46]} 46. gxh4 {[%emt 0:00:26]} gxh4 {[%emt 0:01:42]} 47. a5 {[%emt 0:01:17]} Ng1 {[%emt 0:02:50]} 48. a6 {[%emt 0:03:48]} Ne2 {[%emt 0:05:35]} 49. Kb6 {[%emt 0:03:22]} Kb8 {[%emt 0:00:20]} 50. f4 {[%emt 0:00:09]} Nc3 {[%emt 0:06:03]} 51. Kc6 {[%emt 0:00:12]} Nxa2 {[%emt 0:00:14]} 52. Bd2 {[%emt 0:00:31]} 1-0

[Event "72nd RUS-ch Higher League 2019"]
[Site "Yaroslavl"]
[Date "2019.07.01"]
[Round "5.16"]
[White "Khanin, Semen"]
[Black "Petrov, Nikita"]
[Result "1/2-1/2"]
[WhiteElo "2529"]
[BlackElo "2610"]
[Annotator "ChessBase"]
[PlyCount "39"]
[EventDate "2019.06.27"]
[EventType "swiss"]
[EventCountry "RUS"]
[SourceTitle "playchess.com"]
[Source "ChessBase"]
[SourceQuality "1"]
[TimeControl "40/5400+30:1800+30"]

1. e4 {[%emt 0:00:00]} e5 {[%emt 0:00:00]} 2. Nf3 {[%emt 0:00:00]} Nc6 {[%emt 0:00:00]} 3. Bb5 {[%emt 0:00:00]} Nf6 {[%emt 0:00:12]} 4. d3 {[%emt 0:01:01]} Ne7 {[%emt 0:01:02]} 5. Nc3 {[%emt 0:06:23]} c6 {[%emt 0:04:30]} 6. Bc4 {[%emt 0:01:10]} d6 {[%emt 0:01:49]} 7. d4 {[%emt 0:13:13]} exd4 {[%emt 0:01:20]} 8. Qxd4 {[%emt 0:02:41]} Ng6 {[%emt 0:03:06]} 9. Ng5 {[%emt 0:17:21]} Ne5 {[%emt 0:06:33]} 10. Bf4 {[%emt 0:03:14]} Nfg4 {[%emt 0:25:44]} 11. h3 {[%emt 0:14:44]} Qf6 {[%emt 0:06:49]} 12. hxg4 {[%emt 0:00:30]} Qxf4 {[%emt 0:01:03]} 13. Nxh7 {[%emt 0:00:09]} Bxg4 {[%emt 0:06:23]} 14. Be2 {[%emt 0:09:48]} O-O-O {[%emt 0:17:38]} 15. Qxa7 {[%emt 0:09:00]} Bxe2 {[%emt 0:02:25]} 16. Qa8+ {[%emt 0:02:11]} Kc7 {[%emt 0:00:14]} 17. Qa5+ {[%emt 0:00:04]} Kc8 {[%emt 0:00:19]} 18. Qa8+ {[%emt 0:00:29]} Kc7 {[%emt 0:00:05]} 19. Qa5+ {[%emt 0:00:06]} Kc8 {[%emt 0:00:26]} 20. Qa8+ 1/2-1/2